Представление документа в формате MARC21

ПолеНазваниеЗначение
  Тип записи a
  Библиографический уровень m
001 Контрольный номер RU/URAIT/589996
005 Дата корректировки 20260429163611.7
008 Кодируемые данные 260429s2026 RU y f j 000 0 rus u
020 Индекс ISBN __
a ISBN 978-5-534-20795-8
c Цена, тираж 1049.00
040 Источник каталогиз. __
a Служба первич. каталог. ИКО Юрайт
c Служба, преобразующая запись ИКО Юрайт
e Правила каталог. RCR
041 Код языка издания __
a Код языка текста rus
044 Код страны публикации __
a Код страны публикации RU
080 Индекс УДК __
a Индекс УДК 67.02(075.8)
084 Индекс другой классификации/Индекс ББК __
2 Источник индекса rubbk
a Индекс другой классификации/Индекс ББК 38.3я73
100 Автор __
a Автор Лившиц В. Б.
q Полное имя Лившиц Виктор Борисович
245 Заглавие __
a Заглавие Технология художественного литья
b Продолж. заглавия учебное пособие для вузов
c Ответственность В. Б. Лившиц, Л. А. Комиссарова, О. А. Казачкова ; ответственный редактор В. Б. Лившиц.
256 Характеристики компьютерного файла __
a Характеристики компьютерного файла Электрон. дан.
260 Выходные данные __
a Место издания Москва
b Издательство Юрайт
c Дата издания 2026
300 Физическое описание __
a Объем 177 с
440 Серия __
a Серия Высшее образование
500 Примечания __
a Примечание URL: https://urait.ru/bcode/589996 (дата обращения: 29.04.2026).
520 Аннотация __
a Аннотация В курсе освещены основы технологии формообразования художественных изделий и изложены основы специальных видов литья металлов. Описаны принципиальные особенности формообразования изделий, основные операции технологического процесса и применяемое оборудование. Соответствует актуальным требованиям федерального государственного образовательного стандарта высшего образования. Курс будет полезен широкому кругу читателей, интересующихся технологией изготовления художественных изделий из металлов.
538 Прим. о системных особенностях __
a Прим. о системных особенностях Режим доступа: Электронно-библиотечная система Юрайт, для авториз. пользователей
653 Ключевые слова __
a Ключевые слова Материаловедение
653 Ключевые слова __
a Ключевые слова Технические науки
653 Ключевые слова __
a Ключевые слова Технология художественного литья
653 Ключевые слова __
a Ключевые слова Основы художественного и ювелирного литья
653 Ключевые слова __
a Ключевые слова Технология художественного литья и основы реставрации
653 Ключевые слова __
a Ключевые слова Тонкостенное и фигурное литье
653 Ключевые слова __
a Ключевые слова Художественное литье
653 Ключевые слова __
a Ключевые слова Моделирование и технология художественного литья
653 Ключевые слова __
a Ключевые слова Основы художественного литья
653 Ключевые слова __
a Ключевые слова Художественное и ювелирное литье
653 Ключевые слова __
a Ключевые слова Техника и технология художественного литья
700 Другие авторы __
a Другие авторы Комиссарова Л. А.
q Полное имя Комиссарова Людмила Анатольевна
700 Другие авторы __
a Другие авторы Казачкова О. А.
q Полное имя Казачкова Ольга Александровна
856 Электронный адрес документа 40
n Местонахождение сервера Юрайт
g Электронная книга
q Тип электронного формата html
h Имя пользователя ЮРАЙТ
v Часы доступа к ресурсу 20271231
2 Способ доступа Показать документ
x Служебное примечание https://urait.ru/book/cover/356D0A75-C30A-4390-B470-71EAFFA01951
u URL https://urait.ru/bcode/589996
856 Электронный адрес документа 48
q Тип электронного формата cover
u URL https://urait.ru/book/cover/356D0A75-C30A-4390-B470-71EAFFA01951
911 __
u 0030=https://urait.ru/bcode/589996
911 __
u 073a=9785534207958
u 073d=1049.00
911 __
u 106a=s
911 __
u 900l=
952 Тип литературы __
i Дисциплина Технология художественного литья
952 Тип литературы __
i Дисциплина Основы художественного и ювелирного литья
952 Тип литературы __
i Дисциплина Технология художественного литья и основы реставрации
952 Тип литературы __
i Дисциплина Тонкостенное и фигурное литье
952 Тип литературы __
i Дисциплина Художественное литье
952 Тип литературы __
i Дисциплина Моделирование и технология художественного литья
952 Тип литературы __
i Дисциплина Основы художественного литья
952 Тип литературы __
i Дисциплина Художественное и ювелирное литье
952 Тип литературы __
i Дисциплина Техника и технология художественного литья